[Event "Villa Gesell"]
[Site "Villa Gesell"]
[Date "1996.??.??"]
[Round "3"]
[White "Slipak, Sergio"]
[Black "Sorokin, Maxim"]
[Result "1/2-1/2"]
[WhiteElo "2535"]
[BlackElo "2560"]

1.d4 d5 2.c4 e6 3.Nc3 c6 4.Nf3 Nf6 5.e3 Nbd7 6.Bd3 dxc4 7.Bxc4 b5 8.Bd3 Bb7
9.O-O b4 10.Ne4 Be7 11.Nxf6+ Nxf6 12.a3 a5 13.e4 O-O 14.axb4 axb4 15.Rxa8 Bxa8
16.Qc2 h6 17.Be3 Ng4 18.Bd2 c5 19.dxc5 Bxc5 20.Qxc5 Qxd3 21.Bxb4 Rb8 22.Bc3 Qxe4
23.Qc7 Rf8 24.Qg3 Kh7 25.Re1 Qf5 26.h3 Nf6 27.Re5 Qg6 28.Qxg6+ Kxg6 29.Nh4+ Kh7
30.Ra5 Nd5 31.Bd2 Rb8 32.Nf3 Bc6 33.Rc5 Be8 34.Bc3 f6 35.Nd4 Bd7 36.Nc2 Nxc3
37.bxc3 Rb1+ 38.Kh2 Rb2 39.Nd4 e5 40.Rc7 exd4 41.Rxd7 dxc3 42.Rc7 Rc2 43.Kg3 h5
44.h4 Kg6 45.Kf3 Rc1 46.Kf4 Rc2 47.Kf3 f5 48.Rc6+ Kf7 49.g3 Ke7 50.Ke3 Kd7
51.Rc4 Kd6 52.Rc8 Kd5 53.Rc7 g6 54.Rc8 Ke6 55.Rc6+ Kd7 56.Rc4 Ke7 57.Rc6 Kf7
58.Rc7+ Kf6 59.Rc6+ Kg7 60.Rc7+ Kh6 61.Kf3 Rc1  1/2-1/2

[Event "Villa Gesell"]
[Site "Villa Gesell"]
[Date "1996.??.??"]
[Round "10"]
[White "Sorin, Ariel"]
[Black "Sorokin, Maxim"]
[Result "1/2-1/2"]
[WhiteElo "2505"]
[BlackElo "2560"]

1.d4 d5 2.c4 e6 3.Nc3 c6 4.e3 Nf6 5.Nf3 Nbd7 6.Qc2 Bd6 7.Be2 O-O 8.O-O Qe7
9.Rd1 b6 10.e4 Nxe4 11.Nxe4 dxe4 12.Qxe4 Bb7 13.Bf4 Rad8 14.Bxd6 Qxd6 15.Rd2 Nf6
16.Qe5 Qxe5 17.Nxe5 c5 18.Rad1 Ne4 19.Rd3 cxd4 20.Rxd4 Rxd4 21.Rxd4 f6 22.Ng4 e5
23.Rd1 Rc8 24.Ne3 Rc7 25.Rd8+ Kf7 26.Rh8 h6 27.Bh5+ Ke6 28.Bg4+ Kf7 29.Bh5+ Ke6
30.Bg4+ Kf7  1/2-1/2

[Event "Villalba op"]
[Site "Villalba"]
[Date "1996.??.??"]
[Round "7"]
[White "Krivoshey, Sergei"]
[Black "Garcia Ares, Felix"]
[Result "1-0"]
[WhiteElo "2430"]
[BlackElo "2265"]

1.Nf3 d5 2.d4 Nf6 3.c4 c6 4.Nc3 e6 5.e3 Nbd7 6.Qc2 Bd6 7.g4 dxc4 8.Bxc4 b5
9.Be2 Bb7 10.Bd2 b4 11.Na4 Qa5 12.a3 c5 13.dxc5 Be4 14.axb4 Bxc2 15.bxa5 Bxc5
16.Nxc5 Nxc5 17.Bb5+ Kd8 18.Ne5 Nb3 19.Ra4 a6 20.Bc6 Nxd2 21.Rd4+  1-0

[Event "Villalba op"]
[Site "Villalba"]
[Date "1996.??.??"]
[Round "8"]
[White "Vilela, Jose Luis"]
[Black "Lugo, Blas"]
[Result "0-1"]
[WhiteElo "2435"]
[BlackElo "2370"]

1.d4 d5 2.c4 c6 3.Nf3 Nf6 4.Nc3 e6 5.e3 Nbd7 6.Qc2 Bd6 7.g4 dxc4 8.Bxc4 b5
9.Bd3 Bb7 10.g5 Nd5 11.Ne4 Be7 12.Bd2 h6 13.g6 f5 14.Nc5 Nxc5 15.dxc5 Bf6
16.e4 fxe4 17.Bxe4 O-O 18.O-O-O a5 19.h4 Qe7 20.Kb1 a4 21.Rde1 a3 22.b3 Qc7
23.Bd3 Bb2 24.Rh3 Rf6 25.Rg3 Raf8 26.Be4 Bc8 27.Re2 b4 28.Re1 Ba6 29.Rh1 Be2
30.Ng5 Qxg3 31.fxg3 Rf1+ 32.Be1 Nc3+ 33.Qxc3  0-1

[Event "LTU-ch"]
[Site "Vilnius"]
[Date "1996.??.??"]
[Round "4"]
[White "Rumiancev, Boris"]
[Black "Grabliauskas, Virginijus"]
[Result "0-1"]
[WhiteElo "2275"]
[BlackElo "2405"]

1.d4 d5 2.c4 e6 3.Nf3 c6 4.e3 Nf6 5.Nc3 Nbd7 6.Qc2 Bd6 7.Be2 O-O 8.O-O Re8
9.b3 Qe7 10.Bb2 b6 11.e4 Nxe4 12.Nxe4 dxe4 13.Qxe4 Bb7 14.Bd3 Nf8 15.Qe2 Rad8
16.Rad1 Ng6 17.g3 c5 18.dxc5 Bxc5 19.Be4 Bxe4 20.Qxe4 Rd7 21.Qc6 Rc7 22.Qa4 e5
23.Rd5 e4 24.Ne5 e3 25.fxe3 f6 26.Ng4 Bxe3+ 27.Nxe3 Qxe3+ 28.Rf2 Rce7 29.Qb4 Qe4
30.Rd1 h5 31.Qd6 Qg4 32.Qd5+ Kh8 33.Qf3 Re1+ 34.Rxe1 Rxe1+ 35.Kg2 Nh4+  0-1

[Event "Vlissingen op"]
[Site "Vlissingen"]
[Date "1996.??.??"]
[Round "5"]
[White "Groffen, Hans"]
[Black "De Waal, Mark"]
[Result "0-1"]
[WhiteElo "2145"]
[BlackElo "2280"]

1.d4 d5 2.c4 c6 3.Nc3 Nf6 4.Nf3 e6 5.e3 Nbd7 6.Qc2 Bd6 7.g4 Nxg4 8.Rg1 h5
9.h3 Nh6 10.Rxg7 Qf6 11.Rh7 Rxh7 12.Qxh7 Nf8  0-1

[Event "AUT-chT9697"]
[Site "Vorarlberg"]
[Date "1996.??.??"]
[Round "?"]
[White "Obermair, Walter"]
[Black "Senoner, Paul"]
[Result "1-0"]
[WhiteElo "1850"]
[BlackElo "1790"]

1.Nf3 Nf6 2.d4 d5 3.c4 c6 4.Nc3 e6 5.e3 Nbd7 6.Bd3 Bd6 7.O-O O-O 8.Re1 b6
9.e4 dxe4 10.Nxe4 Qe7 11.Nxd6 Qxd6 12.g3 Bb7 13.Bf4 Qe7 14.Qe2 Rfe8 15.Rad1 Nf8
16.Ne5 Red8 17.Ng4 Ne8 18.Be4 f5 19.Bxf5 Bc8 20.d5 h5 21.Ne5 exf5 22.Nxc6 Qxe2
23.Rxe2 Ba6 24.Nxd8 Rxd8 25.b3 Nf6 26.Re7 Rd7 27.Rde1 Ng6 28.Rxd7 Nxd7 29.Re8+ Kf7
30.Ra8 Nxf4 31.Rxa7 Ne2+ 32.Kf1 Bc8 33.Kxe2 Ke7 34.f4 Kd6 35.Kd3 Nc5+ 36.Kd4 Bd7
37.Ra8 Ne4 38.Rg8 Nd2 39.Rxg7 Nf3+ 40.Kc3 Nxh2 41.b4 Nf3 42.c5+ bxc5 43.bxc5+ Kxd5
44.Rxd7+ Kxc5 45.Rh7 Ng1 46.Kd3 Kd5 47.Rxh5 Ke6 48.Ke3 Kf6 49.Rh1  1-0

[Event "AUT-chT9697"]
[Site "Vorarlberg"]
[Date "1996.??.??"]
[Round "?"]
[White "Novkovic, Milan"]
[Black "Thoma, Robert"]
[Result "0-1"]
[WhiteElo "2395"]
[BlackElo "2280"]

1.Nf3 d5 2.d4 Nf6 3.c4 c6 4.Nc3 e6 5.e3 Nbd7 6.Qc2 Bd6 7.Be2 O-O 8.O-O Qe7
9.Rd1 b6 10.e4 dxe4 11.Nxe4 Nxe4 12.Qxe4 Bb7 13.Bf4 Nf6 14.Bxd6 Qxd6 15.Qe5 Rfd8
16.Qxd6 Rxd6 17.c5 Rdd8 18.Rac1 Nd5 19.g3 b5 20.Ng5 Ne7 21.f4 a5 22.Bh5 g6
23.Bg4 h6 24.Nf3 Rd5 25.Kf2 Kg7 26.Bh3 Rad8 27.Ke3 Bc8 28.Bg2 f6 29.Nh4 R5d7
30.Be4 g5 31.Nf3 Nd5+ 32.Bxd5 Rxd5 33.Rd2 Bd7 34.h4 g4 35.Ng1 Be8 36.a3 e5
37.Ne2 Bf7 38.b4 a4 39.Rcd1 exf4+ 40.Nxf4 R5d7 41.Kf2 Bb3 42.Re1 Rxd4 43.Rxd4 Rxd4
44.Re7+ Kg8 45.Rc7 Rd2+ 46.Ke3 Ra2 47.Rxc6 Rxa3 48.Kd4 Ra1 49.Ra6 a3 50.c6 a2
51.Kc3 Bf7 52.Kb2 Rb1+  0-1

[Event "AUT-chT9697"]
[Site "Vorarlberg"]
[Date "1996.??.??"]
[Round "?"]
[White "Frick, Guenter"]
[Black "Schallert, Martin"]
[Result "1-0"]
[WhiteElo "2155"]
[BlackElo "1950"]

1.Nf3 d5 2.d4 c6 3.c4 e6 4.e3 Nf6 5.Nc3 Be7 6.Bd3 O-O 7.O-O dxc4 8.Bxc4 c5
9.d5 exd5 10.Nxd5 Nxd5 11.Bxd5 Qb6 12.Qc2 Nc6 13.a3 Bf6 14.Rb1 Ne7 15.Be4 h6
16.b4 cxb4 17.Rxb4 Qa6 18.Qb1 Nc6 19.Rb5 Qa4 20.h3 a6 21.Rb6 Bd8 22.Rb3 Na5
23.Rb4 Qe8 24.Bd2 Nc6 25.Rb3 Ne5 26.Nxe5 Qxe5 27.Bc3 Qe6 28.Bd4 Re8 29.Bf3 Rb8
30.Rc1 Be7 31.Rb6 Qf5 32.Qb2 Bd8 33.Rxa6 bxa6 34.Qxb8 Be6 35.Bg4 Qb5 36.Qxb5 axb5
37.Bxe6 fxe6 38.Rc8 Kf7 39.Rb8 Be7 40.Rb7 Kf8 41.Ra7 g6 42.Kf1 Rc8 43.Ke2 Bc5
44.Bxc5+ Rxc5 45.Kd2 h5 46.h4 Kg8 47.Rb7 Kf8 48.g3 Kg8 49.Kd3 Kf8 50.e4 Rc4
51.Rxb5 Ra4 52.Rb3 Ke7 53.e5 Kd7 54.Rc3 Ra5 55.f4 Ra4 56.Kc2 Ra8 57.Kb2 Ra7
58.Rd3+ Ke7 59.Rd4 Rb7+ 60.Ka2 Rc7 61.Kb2 Rb7+ 62.Kc3 Rc7+ 63.Kb4 Rb7+ 64.Kc5 Rb3
65.a4 Rxg3 66.a5 Rc3+ 67.Kb5 Rb3+ 68.Rb4 Ra3 69.a6 Kd7 70.Kb6 Kc8 71.a7 Ra1
72.Rb5 Ra2 73.Ra5 Rb2+ 74.Kc6  1-0

[Event "JUG-ch (Women) 3"]
[Site "Vrnjacka Banja"]
[Date "1996.??.??"]
[Round "?"]
[White "Maksimovic, Suzana"]
[Black "Benderac, Ana"]
[Result "1/2-1/2"]
[WhiteElo "2285"]
[BlackElo "2125"]

1.Nf3 d5 2.c4 c6 3.d4 Nf6 4.Nc3 e6 5.e3 Bd6 6.g4 Nxg4 7.Rg1 Nxh2 8.Nxh2 Bxh2
9.Rxg7 Qf6 10.Rg2 Bd6 11.e4 dxe4 12.c5 Bc7 13.Nxe4 Ba5+ 14.Bd2 Bxd2+ 15.Qxd2 Qh4
16.Rg4 Qe7 17.Rg7 Rf8 18.Qf4 e5 19.dxe5 Be6 20.O-O-O Nd7 21.Nd6+ Kd8 22.Qb4 b6
23.Bg2 a5 24.Qc3 Qh4 25.Bxc6 Qh6+ 26.Qd2 Qxg7 27.Nb7+ Kc8 28.Bxd7+ Kb8 29.Bc6 Ka7
30.cxb6+ Kxb6 31.Qd4+ Kxc6 32.Qd6+ Kxb7 33.Qe7+ Kb8 34.Qd6+  1/2-1/2

[Event "JUG-chT"]
[Site "Vrnjacka Banja"]
[Date "1996.??.??"]
[Round "?"]
[White "Arsovic, Goran"]
[Black "Cabarkapa, Velibor"]
[Result "1-0"]
[WhiteElo "2350"]
[BlackElo "2275"]

1.Nf3 d5 2.c4 c6 3.e3 Nf6 4.Nc3 e6 5.d4 Nbd7 6.Qc2 Bd6 7.Bd3 O-O 8.O-O Qe7
9.Bd2 dxc4 10.Bxc4 e5 11.Bb3 Kh8 12.h3 h6 13.Nh4 g6 14.dxe5 Qxe5 15.Nf3 Qe7
16.e4 Ne5 17.Nh2 g5 18.Ne2 Ng6 19.Bc3 Be5 20.Ng3 Nh4 21.Nf5 Bxf5 22.exf5 Bxc3
23.Qxc3 Kh7 24.Rfe1 Qd6 25.Rad1 Nd5 26.Ng4 f6 27.Re6  1-0

[Event "JUG-ch (Women) 1"]
[Site "Vrnjacka Banja"]
[Date "1996.??.??"]
[Round "?"]
[White "Khurtsidze, Nino"]
[Black "Gaponenko, Inna"]
[Result "1-0"]
[WhiteElo "2365"]
[BlackElo "2390"]

1.d4 d5 2.c4 c6 3.Nf3 Nf6 4.Nc3 e6 5.e3 Nbd7 6.Bd3 dxc4 7.Bxc4 b5 8.Bd3 b4
9.Ne4 c5 10.O-O Qb6 11.Ne5 Nxe5 12.Nxf6+ gxf6 13.dxe5 fxe5 14.Be4 Rb8 15.Qh5 Bg7
16.Qg5 O-O 17.b3 f6 18.Qg3 Ba6 19.Rd1 Rbd8 20.Bb2 Rxd1+ 21.Rxd1 Rd8 22.Rxd8+ Qxd8
23.h3 Qd2 24.Qg4 f5 25.Qh5 Bb5 26.Bb7 Qd7 27.Bf3 Qd8 28.Be2 Bc6 29.Bc4 Bd5
30.Bxd5 Qxd5 31.Qe8+ Bf8 32.Qb8 Kf7 33.Qxe5 Qd1+ 34.Kh2 Qd7  1-0

[Event "JUG-ch (Women) 1"]
[Site "Vrnjacka Banja"]
[Date "1996.??.??"]
[Round "?"]
[White "Khurtsidze, Nino"]
[Black "Ruchieva, Natalia"]
[Result "1-0"]
[WhiteElo "2365"]
[BlackElo "2255"]

1.d4 d5 2.c4 c6 3.Nf3 Nf6 4.Nc3 e6 5.e3 Nbd7 6.Bd3 dxc4 7.Bxc4 b5 8.Bd3 Bb7
9.O-O a6 10.e4 c5 11.d5 Qc7 12.dxe6 fxe6 13.Qe2 Bd6 14.Ng5 c4 15.Bc2 Nc5
16.f4 e5 17.Nd5 Nxd5 18.fxe5 Bxe5 19.exd5 O-O-O 20.Nf7 Bxh2+ 21.Kh1 Kb8 22.Nxh8 Rxh8
23.Qh5 Be5 24.Be3 g6 25.Qg5 h6 26.Qxe5 Qxe5 27.Bf4 Qxf4 28.Rxf4 Bxd5 29.Rd1 Bb7
30.Rd6 g5 31.Rf5 Nd3 32.Bxd3 cxd3 33.Rf7  1-0

[Event "Wattens op"]
[Site "Wattens"]
[Date "1996.??.??"]
[Round "2"]
[White "Wachinger, Guenther"]
[Black "Larcher, Hans"]
[Result "1-0"]
[WhiteElo "2285"]
[BlackElo "1950"]

1.d4 d5 2.c4 c6 3.e3 e6 4.Nc3 Nf6 5.Nf3 dxc4 6.Bxc4 b5 7.Bd3 a6 8.O-O c5
9.dxc5 Bxc5 10.e4 Nbd7 11.e5 Ng4 12.Ne4 Qc7 13.Bf4 Bb7 14.h3 Ngxe5 15.Nxe5 Nxe5
16.Rc1 Bxe4 17.Bxe4 Rd8 18.Qh5  1-0

[Event "Wattens op"]
[Site "Wattens"]
[Date "1996.??.??"]
[Round "2"]
[White "Uhlmann, Wolfgang"]
[Black "Holzweber, Martin"]
[Result "1-0"]
[WhiteElo "2460"]
[BlackElo "2005"]

1.c4 c6 2.d4 d5 3.Nc3 Nf6 4.e3 e6 5.Nf3 Nbd7 6.Qc2 Be7 7.Be2 dxc4 8.Bxc4 b5
9.Bd3 Bb7 10.e4 a6 11.e5 Nd5 12.Bxh7 Nb4 13.Qb1 c5 14.Be4 Bxe4 15.Nxe4 cxd4
16.a3 Nc6 17.Bf4 Rc8 18.O-O Rh5 19.Ng3 Rh8 20.Ne2 Bc5 21.Qe4 Ba7 22.b4 Nb6
23.Bg3 Qd5 24.Qg4 g6 25.Rfe1 Qd7 26.Bh4 Nd5 27.Rad1 Qc7 28.Ng3 Nc3 29.Rd3 a5
30.Bf6 Rg8 31.Rxc3 dxc3 32.Ne4 c2 33.Rc1 Nd4 34.Nxd4 Bxd4 35.Nd6+ Qxd6 36.exd6 Bxf6
37.Qf3 Bb2 38.Qb7 Rc3 39.Qe7+  1-0

[Event "Wattens op"]
[Site "Wattens"]
[Date "1996.??.??"]
[Round "4"]
[White "Schlosser, Hans"]
[Black "Holzweber, Martin"]
[Result "1-0"]
[WhiteElo "2325"]
[BlackElo "2005"]

1.c4 c6 2.d4 d5 3.e3 Nf6 4.Nc3 e6 5.Nf3 Nbd7 6.Bd3 dxc4 7.Bxc4 b5 8.Bd3 Bb7
9.O-O a6 10.a4 Rc8 11.Qe2 b4 12.Na2 a5 13.e4 Qc7 14.Bg5 Nb6 15.Nc1 Be7 16.Nb3 Nbd7
17.Rac1 Ng8 18.e5 h6 19.Be3 Bd8 20.Nfd2 Be7 21.Nc4 Ra8 22.f4 g6 23.Be4 Nb8
24.g4 h5 25.f5 gxf5 26.gxf5 exf5 27.Rxf5 Nh6 28.Qxh5 Rg8+ 29.Rg5 Bxg5 30.Bxg5 Qe7
31.h4 Qe6 32.Kf2 Nf5 33.Qh7 Rg6 34.Nc5 Qc8 35.Qh8+  1-0

[Event "Wattens op"]
[Site "Wattens"]
[Date "1996.??.??"]
[Round "8"]
[White "Moritz, Christian"]
[Black "Duer, Werner"]
[Result "0-1"]
[WhiteElo "1955"]
[BlackElo "2310"]

1.d4 d5 2.c4 c6 3.Nc3 Nf6 4.Nf3 e6 5.e3 a6 6.c5 Nbd7 7.a3 Qc7 8.b4 e5 9.dxe5 Nxe5
10.Nxe5 Qxe5 11.Bb2 Bg4 12.Qd2 Qc7 13.f3 Be6 14.Ne2 Be7 15.Nf4 a5 16.Qd4 axb4
17.axb4 Rxa1+ 18.Bxa1 O-O 19.Bd3 Ne8 20.Nxe6 fxe6 21.Qg4 Qd7 22.Qh5 h6 23.Bxg7 Nxg7
24.Qxh6 Bf6 25.g4 Ne8 26.g5 Qg7 27.Qh3 Bc3+ 28.Kf2 Nc7 29.Rc1 d4 30.Ke2 Re8
31.exd4 Bxd4 32.Qh5 Rd8 33.Rc4 Nb5 34.g6 Qd7 35.Qh3 Ra8 36.f4 Bf6 37.Be4  0-1

[Event "NBG Open Weilburg"]
[Site "Weilburg"]
[Date "1996.??.??"]
[Round "8"]
[White "Levin, Felix"]
[Black "Bagirov, Vladimir"]
[Result "1-0"]
[WhiteElo "2475"]
[BlackElo "2505"]

1.d4 d5 2.c4 c6 3.Nf3 Nf6 4.Nc3 e6 5.e3 Nbd7 6.Qc2 Bd6 7.Bd3 O-O 8.O-O Qe7
9.c5 Bc7 10.e4 dxe4 11.Nxe4 Nxe4 12.Bxe4 h6 13.Re1 Nf6 14.a4 Rd8 15.Ra3 e5
16.Nxe5 Rxd4 17.Nxc6 Qxe4 18.Rxe4 Rxe4 19.f3 Re1+ 20.Kf2 Rxc1 21.Ne7+ Kf8
22.Qxc1 Kxe7 23.Rb3 b6 24.a5 bxa5 25.Qd2 a4 26.Rb4 a5 27.Rxa4 Rb8 28.Rxa5 Rxb2
29.Qxb2 Bxa5 30.Qb8 Kd8 31.Qd6+ Nd7 32.c6 Bc7 33.Qd3 Ke7 34.Qe4+ Kd8 35.cxd7 Bxd7
36.Qd4 f6 37.Qc5 Be8 38.Qf8 Be5 39.Qxg7 Bd4+ 40.Kg3 h5  1-0

[Event "Werfen op-A"]
[Site "Werfen"]
[Date "1996.??.??"]
[Round "3"]
[White "Hresc, Vladimir"]
[Black "Berger, Hermann"]
[Result "0-1"]
[WhiteElo "2435"]
[BlackElo "2070"]

1.d4 d5 2.c4 e6 3.Nc3 c6 4.e3 Nf6 5.Nf3 Nbd7 6.Bd3 dxc4 7.Bxc4 b5 8.Bd3 b4
9.Na4 Bb7 10.Bd2 Be7 11.Rc1 O-O 12.Qb3 a5 13.O-O c5 14.Nxc5 Bxc5 15.Rxc5 Nxc5
16.dxc5 Bxf3 17.gxf3 Rc8 18.Rc1 Nd7 19.Be2 Rxc5 20.Rd1 Qh4 21.f4 Nf6 22.Bf3 Ng4
23.Be1 Qxh2+ 24.Kf1 Qh3+ 25.Ke2 Nh2 26.e4 Nxf3 27.Qxf3 Rc2+ 28.Rd2 Qxf3+
29.Kxf3 Rxd2 30.Bxd2 Rc8 31.Be3 Rc2 32.Bd4 a4 33.a3 b3 34.f5 Rd2 35.fxe6 fxe6
36.Be5 Kf7 37.Kg3 Kg6 38.f4 Rd3+ 39.Kg4 Rd1 40.f5+ exf5+ 41.exf5+ Kf7 42.Kg5 Rd5
43.Kf4 Rxe5 44.Kxe5 h5 45.Ke4 Kf6 46.Kf4 h4 47.Kg4 h3 48.Kxh3 Kxf5 49.Kg3 Ke4  0-1

[Event "Werfen op-A"]
[Site "Werfen"]
[Date "1996.??.??"]
[Round "5"]
[White "Djurkovic, Maks"]
[Black "Kniest, Oliver"]
[Result "0-1"]
[WhiteElo "2095"]
[BlackElo "2170"]

1.d4 d5 2.Nf3 e6 3.c4 c6 4.e3 Nf6 5.Nc3 Nbd7 6.Qc2 Bd6 7.b3 O-O 8.Bb2 e5
9.cxd5 cxd5 10.dxe5 Nxe5 11.Be2 Nxf3+ 12.Bxf3 Be6 13.Qd3 Be5 14.O-O a6 15.Ba3 Re8
16.Rac1 Qa5 17.Nb1 Rac8 18.Qd2 Qb6 19.Qb4 Qa7 20.Rxc8 Rxc8 21.Rc1 Rxc1+ 22.Bxc1 Qb8
23.h3 Bf5 24.Nc3 Qc7 25.Ba3 h6 26.Nxd5 Nxd5 27.Bxd5 Qc2 28.Bxf7+ Kh7 29.f4 Be4
30.Qxe4+ Qxe4 31.fxe5 Qxe3+ 32.Kh1 Qe1+ 33.Kh2 Qxe5+ 34.Kh1 Qa1+ 35.Kh2 Qxa2
36.Bd6 a5 37.Bd5 a4 38.Bxb7 axb3  0-1

[Event "Werfen op-A"]
[Site "Werfen"]
[Date "1996.??.??"]
[Round "9"]
[White "Brglez, Rado"]
[Black "Kniest, Oliver"]
[Result "1/2-1/2"]
[WhiteElo "2280"]
[BlackElo "2170"]

1.d4 d5 2.c4 e6 3.Nc3 c6 4.e3 Nf6 5.Nf3 Nbd7 6.Qc2 Bd6 7.Be2 O-O 8.O-O e5
9.cxd5 cxd5 10.Nb5 Bb8 11.dxe5 Nxe5 12.Nbd4 Qd6 13.Bd2 Ne4 14.g3 Bh3 15.Rfc1 a6
16.Be1 Qf6 17.Qb3 Nxf3+ 18.Nxf3 Bg4 19.Kg2  1/2-1/2

[Event "Winterthur"]
[Site "Winterthur"]
[Date "1996.??.??"]
[Round "6"]
[White "Zueger, Beat"]
[Black "Pelletier, Yannick"]
[Result "1/2-1/2"]
[WhiteElo "2460"]
[BlackElo "2440"]

1.c4 e6 2.Nc3 d5 3.d4 c6 4.e3 Nf6 5.Nf3 Nbd7 6.Qc2 Bd6 7.Be2 O-O 8.O-O e5
9.cxd5 cxd5 10.dxe5 Nxe5 11.Rd1 Nxf3+ 12.Bxf3 Qc7 13.h3 Bh2+ 14.Kh1 Be5 15.Bd2 Be6
16.Be1 Rfd8 17.Qe2 Qd7 18.Kg1 a6 19.Rac1 Rac8 20.b3 Bb8 21.h4 Ba7 22.g3 h6
23.Na4 b5 24.Rxc8 Qxc8 25.Nc3  1/2-1/2

[Event "Witley"]
[Site "Witley"]
[Date "1996.??.??"]
[Round "4"]
[White "Williams, Simon"]
[Black "Stisis, Yaacov"]
[Result "0-1"]
[WhiteElo "2350"]
[BlackElo "2365"]

1.c4 c6 2.Nc3 d5 3.d4 e6 4.e3 Nf6 5.Nf3 Nbd7 6.Bd3 dxc4 7.Bxc4 b5 8.Bd3 a6
9.e4 c5 10.d5 c4 11.dxe6 fxe6 12.Bc2 Qc7 13.O-O Bc5 14.Qe2 e5 15.a4 Rb8 16.axb5 axb5
17.Kh1 Bd6 18.Ng5 Nc5 19.Nd5 Qd8 20.f4 O-O 21.fxe5 Bxe5 22.Be3 Ne6 23.Nxf6+ Rxf6
24.Qh5 Nxg5 25.Bxg5 Rxf1+ 26.Rxf1 g6 27.Qh4 Qe8 28.Bh6 Be6 29.Qg5 Bf7 30.Rf5 Bxb2
31.e5 Bc1 32.Qxc1 gxf5 33.Qg5+ Bg6 34.Qf6 Qf7 35.Qd6 Re8 36.Qc5 f4 37.Bd1 Qe7
38.Qd5+ Bf7  0-1

[Event "Witley"]
[Site "Witley"]
[Date "1996.??.??"]
[Round "5"]
[White "Quinn, Mark"]
[Black "Rotman, Daniel"]
[Result "1-0"]
[WhiteElo "2350"]
[BlackElo "2345"]

1.d4 d5 2.c4 c6 3.Nc3 Nf6 4.e3 e6 5.Nf3 Nbd7 6.Bd3 dxc4 7.Bxc4 b5 8.Be2 Bb7
9.O-O a6 10.e4 c5 11.e5 Nd5 12.a4 b4 13.Ne4 Qc7 14.Re1 h6 15.Qd3 Be7 16.Bd2 O-O
17.Rac1 Qb6 18.Bd1 Rfc8 19.Ng3 Nf8 20.Re4 cxd4 21.Nxd4 Rxc1 22.Bxc1 Rd8 23.Bc2 Bc5
24.a5 Qa7 25.Rg4 Bxd4 26.Rxd4 Nf4 27.Qh7+ Nxh7 28.Rxd8+ Nf8 29.Be3 Qxe3 30.fxe3 Nxg2
31.Be4 Bxe4 32.Nxe4 Nh4 33.Nc5 Nf3+ 34.Kf2 Nxe5 35.Nxa6 Nc6 36.Rc8 Nxa5 37.Nc5  1-0

[Event "Witley"]
[Site "Witley"]
[Date "1996.??.??"]
[Round "6"]
[White "Bates, Richard"]
[Black "Sylvan, Jacob"]
[Result "1/2-1/2"]
[WhiteElo "2315"]
[BlackElo "2285"]

1.d4 d5 2.c4 e6 3.Nc3 c6 4.e3 Nf6 5.Nf3 Nbd7 6.a3 Bd6 7.b4 O-O 8.Bb2 Qe7
9.Qc2 dxc4 10.Bxc4 e5 11.Rd1 exd4 12.Nxd4 Nd5 13.Be2 a5 14.bxa5 Rxa5 15.Nb3 Ra8
16.a4 Bc7 17.Nd4 Ra5 18.Nb3 Ra8 19.Nd4 Ra5 20.Nb3  1/2-1/2

[Event "Owens Corning"]
[Site "Wrexham"]
[Date "1996.??.??"]
[Round "?"]
[White "Dunnington, Angus J"]
[Black "Martinovsky, Eugene"]
[Result "1/2-1/2"]
[WhiteElo "2450"]
[BlackElo "2260"]

1.d4 Nf6 2.Nf3 d5 3.c4 e6 4.Nc3 c6 5.e3 Nbd7 6.Qc2 Bd6 7.Be2 O-O 8.O-O dxc4
9.Bxc4 Qe7 10.h3 e5 11.Bb3 b6 12.Ng5 Bb7 13.dxe5 Bxe5 14.Ne2 h6 15.Nf3 c5
16.Nxe5 Nxe5 17.Ng3 c4 18.Ba4 Qc5 19.Qf5 Rad8 20.Bc2 Nd3 21.Qxc5 bxc5 22.f3 Nd5
23.Bxd3 cxd3 24.Bd2 Nb4 25.Bxb4 cxb4 26.Rfd1 Rfe8 27.Kf2 Re5 28.a3 Rc5 29.axb4 Rc2+
30.Kg1 a6 31.Nf5 Rxb2 32.Rab1 Re2 33.Rb3 Bc8 34.Nd4 Rxe3 35.Rbxd3 Rxd3 36.Rxd3 Be6
37.Kf2 Bc4 38.Rd2 f6 39.Ke3 Kf7 40.Rc2 Re8+ 41.Kf2 Bd3 42.Rd2 Bb1 43.Nc6 Rc8
44.Rd6 Ba2 45.Ke3 Bc4 46.Nd4 Rb8 47.Nc6 Rc8 48.Nd4 Rb8 49.Nc6 Rc8 50.Nd4  1/2-1/2

[Event "Yalta op"]
[Site "Yalta"]
[Date "1996.??.??"]
[Round "1"]
[White "Shipov, Sergei"]
[Black "Chehlov, Aleksander"]
[Result "1-0"]
[WhiteElo "2540"]
[BlackElo "2270"]

1.d4 d5 2.c4 c6 3.Nf3 Nf6 4.Nc3 e6 5.e3 Nbd7 6.Qc2 Bd6 7.Be2 Qe7 8.O-O O-O
9.Rd1 Re8 10.b3 b6 11.e4 Nxe4 12.Nxe4 dxe4 13.Qxe4 Bb7 14.Bf4 Rad8 15.Bxd6 Qxd6
16.Ne5 Nf8 17.Bh5 g6 18.Bf3 f5 19.Qe3 Qc7 20.c5 b5 21.a4 a6 22.Qf4 Rc8 23.axb5 axb5
24.g3 Qg7 25.Ra7 Re7 26.Qe3 g5 27.Bg2 h6 28.Nd3 Kh7 29.Bf3 g4 30.Bg2 Ng6
31.Ne5 Nf8 32.h3 h5 33.hxg4 hxg4 34.Kf1 Kg8 35.Ke2 Ba8 36.Ra6 Bb7 37.Rb6 Rec7
38.Ra1 Ng6 39.Ra7 f4 40.gxf4 Nh4 41.Be4 Rf8 42.Qg3 Nf5 43.Bxf5 exf5 44.Qh4  1-0

[Event "Yalta op"]
[Site "Yalta"]
[Date "1996.??.??"]
[Round "2"]
[White "Koniushkov, Igor"]
[Black "Timoshenko, Georgy"]
[Result "1-0"]
[WhiteElo "2280"]
[BlackElo "2500"]

1.d4 d5 2.c4 e6 3.Nf3 Nf6 4.Nc3 c6 5.e3 Nbd7 6.Bd3 dxc4 7.Bxc4 b5 8.Bd3 a6
9.e4 c5 10.e5 cxd4 11.Nxb5 Nxe5 12.Nxe5 axb5 13.Bxb5+ Bd7 14.Nxd7 Qa5+ 15.Bd2 Qxb5
16.Nxf8 Kxf8 17.b3 Nd5 18.a4 Qd3 19.Qe2 Qxb3 20.O-O Qc2 21.Rfc1 d3 22.Qe1 Qb2
23.a5 Qd4 24.Rab1 h6 25.Rb7 g5 26.Rd7 Ke8 27.Rcc7 Rd8 28.Rxd8+ Kxd8 29.Rxf7 Re8
30.h4 Re7 31.Rf8+ Kc7 32.Qc1+ Kd6 33.Qa3+ Ke5 34.hxg5 Rb7 35.Qc1 hxg5 36.a6 Ra7
37.Qe1+ Kd6 38.Rd8+ Kc7 39.Ba5+  1-0

[Event "Yalta op"]
[Site "Yalta"]
[Date "1996.??.??"]
[Round "4"]
[White "Zhukova, Natalia"]
[Black "Poliakov, M."]
[Result "1-0"]
[WhiteElo "2355"]
[BlackElo "2400"]

1.d4 d5 2.Nf3 c6 3.c4 Nf6 4.Nc3 e6 5.e3 Nbd7 6.Bd3 dxc4 7.Bxc4 b5 8.Be2 b4
9.Na4 Bb7 10.O-O Be7 11.Bd2 O-O 12.Qc2 Rc8 13.Nc5 Nxc5 14.dxc5 a5 15.e4 Nd7
16.Be3 Ra8 17.a3 bxa3 18.Rxa3 Ba6 19.Bxa6 Rxa6 20.b4 Qc7 21.Nd4 Rfa8 22.Qa2 Nb8
23.Nxe6 fxe6 24.Qxe6+ Kh8 25.Bd4 Bf8 26.Rh3 Qd7 27.Qh6 Qxh3 28.Qxh3 R6a7
29.bxa5 Na6 30.Qe6 Nxc5 31.Qxc6 Rxa5 32.g3 R5a6 33.Qd5 Ne6 34.Be3 h6 35.Rc1 Rd8
36.Qb7 Rad6 37.Rc8 R8d7 38.Qa8 Nd8 39.Kg2 Rd3 40.Bb6 Be7 41.e5 R7d5 42.e6 Kh7
43.Rc7  1-0

[Event "Yerevan op"]
[Site "Yerevan"]
[Date "1996.??.??"]
[Round "1"]
[White "Kuzmin, Alexey"]
[Black "Avetisian, Marine"]
[Result "1-0"]
[WhiteElo "2530"]
[BlackElo "2085"]

1.d4 d5 2.c4 c6 3.Nc3 Nf6 4.e3 e6 5.Nf3 Nbd7 6.Qc2 Bd6 7.Bd3 h6 8.O-O O-O
9.Bd2 b6 10.e4 dxe4 11.Nxe4 Nxe4 12.Bxe4 Bb7 13.Rfe1 Qc7 14.b4 c5 15.Bxb7 Qxb7
16.dxc5 bxc5 17.b5 Qc7 18.Bc3 Be7 19.a4 a5 20.Rad1 Rfd8 21.h3 Qb6 22.Rd2 Bf6
23.Bxf6 gxf6 24.Red1 Qc7 25.Qc3 Kg7 26.Qe3 Nb6 27.Rxd8 Rxd8 28.Rxd8 Qxd8
29.Qxc5 Nxa4 30.Qd4 Qc7 31.Nd2 Qc5 32.Qxc5 Nxc5 33.Kf1 Kf8 34.Ke2 Ke7 35.Kd1 Kd6
36.Kc2 f5 37.Nb3 Nb7 38.g3 e5 39.Kc3 f6 40.h4 h5 41.Nc1 Nc5 42.Nd3 Ne6 43.Kb3 f4
44.gxf4 e4 45.Nb2 Nxf4 46.Ka4 Nd3 47.Nd1 f5 48.Kxa5 f4 49.b6 Kc6 50.Ka6 Nc5+
51.Ka7 Nb7 52.Nc3 e3 53.f3 Nd6 54.Ka6  1-0

[Event "Yerevan ol (Men)"]
[Site "Yerevan"]
[Date "1996.??.??"]
[Round "2"]
[White "Mohamed, Esam Ahmed Nagib"]
[Black "Mifsud, Timothy"]
[Result "0-1"]
[WhiteElo "2355"]
[BlackElo "2230"]

1.d4 d5 2.c4 e6 3.Nc3 c6 4.e3 Nf6 5.Nf3 Nbd7 6.Qc2 Bd6 7.Be2 O-O 8.O-O Qe7
9.e4 Nxe4 10.Nxe4 dxe4 11.Qxe4 e5 12.dxe5 Nxe5 13.Ng5 f5 14.Qc2 h6 15.Nh3 b6
16.Bd2 Bb7 17.Rfe1 Qc7 18.Nf4 c5 19.Nd5 Qf7 20.Rad1 Bxd5 21.cxd5 f4 22.f3 Qh5
23.Bc3 Rf5 24.Bf1 Rg5 25.Kh1 Rf8 26.Qf2 Rf6 27.Re4 Rfg6 28.Bxe5 Bxe5 29.Rxe5 Rxe5
30.d6 Qg5 31.Bc4+ Kf8 32.d7 Qd8 33.Qc2 Qxd7 34.Qc1 Qe7 35.Qxf4+ Rf6 36.Qg3 Rd6
37.Rf1 Qf6 38.b3 Re8 39.f4 Red8 40.Qf3 Qe7 41.h3 Qd7 42.a4 Rd1 43.Kh2 Rxf1
44.Qxf1 Qd1 45.Qf2 Qd6 46.Kh1 Qf6 47.Qf3 Qf5 48.Qe3 Rd1+ 49.Kh2 Rd4 50.Qg3 g5
51.fxg5 hxg5 52.Be6 Qf4 53.Qxf4+ Rxf4  0-1

[Event "ARM-ch"]
[Site "Yerevan"]
[Date "1996.??.??"]
[Round "2"]
[White "Nalbandian, Tigran"]
[Black "Yegiazarian, Arsen"]
[Result "0-1"]
[WhiteElo "2475"]
[BlackElo "2455"]

1.d4 d5 2.c4 e6 3.Nf3 c6 4.e3 Nf6 5.Nc3 Nbd7 6.Bd3 dxc4 7.Bxc4 b5 8.Bd3 Bb7
9.a3 a6 10.b4 a5 11.Rb1 axb4 12.axb4 Bd6 13.e4 e5 14.O-O O-O 15.Re1 Qe7 16.Bd2 exd4
17.Nxd4 Bxh2+ 18.Kxh2 Qe5+ 19.f4 Qxd4 20.Re3 h5 21.Be2 Nb6 22.Qe1 Nc4 23.Rd3 Ng4+
24.Kg3 Qf6 25.Bxg4 hxg4 26.Be3 Ra3 27.Bd4 Qg6 28.Bc5 Re8 29.Rbd1 Qf6 30.e5 Qf5
31.Qe4 Qe6 32.Ne2 Rxd3+ 33.Rxd3 Nb2 34.Rd6 Qb3+ 35.Kh4 Nc4 36.Rd3 Qb1 37.Ng3 Qc1
38.Kxg4 Bc8+ 39.Kh4 Be6 40.Ne2 Qh1+ 41.Kg3 Bd5 42.Rxd5 cxd5 43.Qxd5 g5 44.Kg4 Qh4+
45.Kf3 gxf4 46.Bd6 Nxd6 47.Qxd6 Rd8  0-1

[Event "Yerevan ol (Men)"]
[Site "Yerevan"]
[Date "1996.??.??"]
[Round "2"]
[White "Wijesundara, Ravindra"]
[Black "Watanabe, Akira"]
[Result "1-0"]
[WhiteElo "2205"]
[BlackElo "2275"]

1.d4 d5 2.Nf3 c6 3.c4 Nf6 4.Nc3 e6 5.e3 Nbd7 6.Bd3 dxc4 7.Bxc4 b5 8.Bd3 a6
9.a3 Bd6 10.Ne4 Nxe4 11.Bxe4 Bb7 12.O-O Nf6 13.Bd3 c5 14.dxc5 Bxc5 15.b4 Be7
16.Qe2 Qd5 17.Bb2 Ne4 18.Rfd1 O-O 19.Bc2 Qc6 20.Ne5 Ng3 21.fxg3  1-0